000 00647nam a22002297a 4500
003 UA-OsUOA
001 52922
007 ta
008 20080306b un ||||| |||| 00| 0 ukr d
090 _a82-94
_bМ49
942 _cBK
040 _aUA-OsUOA
_bukr
_cUA-OsUOA
_dUA-OsUOA
245 _aМемуари до історії Південної Русі
_cАнтоновича В.
300 _a439 с.
955 _a2
041 _aukr
080 _a82-94
020 _a966-511-294-5
260 _aДніпропетровськ
_bСіч
_c2006
650 7 _a82 Література. Літературознавство
_2UDC
999 _c339005
_d339005